Štúdium Al-Co-Cu tenkých vrstiev deponovaných na hliníkových substrátoch

Salvato in:
Dettagli Bibliografici
Autore principale: Ferenčík, Filip (Autore)
Altri autori: Noga, Pavol (Relatore della tesi)
Natura: Manoscritto Libro
Lingua:slovacco
Pubblicazione: 2019
Soggetti:
Accesso online:http://is.stuba.sk/zp/portal_zp.pl?podrobnosti=134279
Tags: Aggiungi Tag
Nessun Tag, puoi essere il primo ad aggiungerne!!

MARC

LEADER 00000ntm a22000003a 4500
001 stuzp73615
003 SK-STU
005 20190622211306.1
007 ta
008 150427s2015----xo-----f-mn---000-0-slo-d
040 |a STU  |b slo 
041 0 |a slo 
100 1 |a Ferenčík, Filip  |u 061000  |4 aut  |U MTF Materiálovotechnologická fakulta  |T MTF Ústav materiálov  |X 85416  |U M1000  |Y 81  |7 85416 
242 0 1 |a Study of Al-Co-Cu thin films deposited on aluminium substrates  |y eng 
245 1 0 |a Štúdium Al-Co-Cu tenkých vrstiev deponovaných na hliníkových substrátoch 
260 |c 2019 
650 4 |a hliník  |2 slo 
650 4 |a metalografická príprava  |2 slo 
650 4 |a ultrazvuk  |2 slo 
650 4 |a plazma  |2 slo 
650 4 |a magnetrónové naprašovanie  |2 slo 
650 4 |a iónová implantácia  |2 slo 
650 4 |a aluminium  |2 eng 
650 4 |a magnetron sputtering  |2 eng 
650 4 |a ion implantation  |2 eng 
650 4 |a metallographic preparation  |2 eng 
650 4 |a ultrasound  |2 eng 
650 4 |a plasma  |2 eng 
700 1 |a Noga, Pavol  |u 067000  |k Z2  |4 ths  |U MTF Materiálovotechnologická fakulta  |T MTF Ústav výskumu progresívnych technológií  |X 10084  |U MN7000  |Y 87  |7 A000010084 
856 4 |u http://is.stuba.sk/zp/portal_zp.pl?podrobnosti=134279 
996 |c M* BP-8500  |l MMSKP  |s P  |a 0  |w stuzp73615_0001